000 00455nam a2200133Ia 4500
008 231129s2017||||xx |||||||||||||| ||spa||
020 _a978-84-16222-16-2
082 _a940 M875g
100 _aMorris Ian.
245 0 _aGuerra ¿para que sirve?: el papel de los conflictos en la civilización desde los primates hasta los robots.
260 _c2017
264 _aBarcelona: ítico de los libros
942 _2ddc
_cBKS
999 _c14685
_d14685